| 000 | 01169cam a2200277 a 4500 | ||
|---|---|---|---|
| 999 |
_c21654 _d21654 |
||
| 001 | 11932594 | ||
| 003 | OSt | ||
| 005 | 20170121163335.0 | ||
| 008 | 000306s1998 enkab b 001 0 eng | ||
| 010 | _a 00300835 | ||
| 020 | _a1899290052 | ||
| 040 |
_aDLC _cDLC |
||
| 043 | _ae-fr--- | ||
| 050 | 0 | 0 |
_aNA6165 _b.B38 1998 |
| 100 | 1 |
_aBate, John Gordon, _d1909- |
|
| 245 | 1 | 0 |
_aLanterns for the dead : _bthe medieval lanternes des morts of central and south-west France / _cJohn Bate. |
| 260 |
_aHereford : _bLapridge Publications, _c1998. |
||
| 300 |
_a153 p. : _bill., maps ; _c22 cm. |
||
| 504 | _aIncludes bibliographical references (p. 147-150) and index. | ||
| 650 | 0 |
_aLanterns of the dead _vGuidebooks. |
|
| 650 | 0 |
_aSepulchral monuments _zFrance _vGuidebooks. |
|
| 650 | 0 |
_aSepulchral monuments, Medieval _zFrance _vGuidebooks. |
|
| 906 |
_a7 _bcbc _corignew _d3 _encip _f20 _gy-gencatlg |
||
| 942 |
_2lcc _cBOOKS _hNA 6165 .B38 1998 |
||